01074cam0a220026500 4500001001200000008004100012010001600053015000900069020001200078035001900090035002100109035002200130050002100152082001200173100002700185245015100212250001100363260008600374500007600460500004000536504005300576650011200629650006100741004000600802lce01093812791219s1980 enka b 001 0 eng  a 79041487 aGB80 cL.24.00 a(Sirsi) r86964 a(DLC) 79041487 a(UPRA)lce010938120 aQP551b.C77 1980 a547.7/51 aCroft, L. R.6A46362.110aHandbook of protein sequence analysis :ba compilation of amino acid sequences of proteins with an introduction to the methodology /cL. R. Croft. a2d ed. aChichester [Eng.] ; New York :aChichester [Eng.] ; New York :bJ. Wiley,cc1980. aFirst ed. published in 1973 under title: Handbook of protein sequences. a"A Wiley-Interscience publication." aIncludes bibliographical references and indexes. 0aProteins -- Analysis -- Tables.xProteins -- Analysis -- Tables.xProteins -- Analysis -- Tables.6S35746.1 0aAmino acids -- Tables.xAmino acids -- Tables.6S12289.186964